[Event "Kstovo Chess Hopes op"]
[Site "Kstovo"]
[Date "2015.06.30"]
[Round "7"]
[White "Sorokin, Nikolay A"]
[Black "Golub, Marija"]
[Result "0-1"]
[WhiteElo "1724"]
[BlackElo "1581"]
[PlyCount "62"]
[EventDate "2015.06.24"]
[EventType "swiss"]
[EventRounds "9"]
[EventCountry "RUS"]
[SourceTitle "CBM 167 Extra"]
[Source "ChessBase"]
[SourceDate "2015.09.14"]
[SourceVersion "1"]
[SourceVersionDate "2015.09.14"]
[SourceQuality "1"]

1. e4 c5 2. Nf3 e6 3. c3 Nf6 4. e5 Nd5 5. c4 Nb6 6. Nc3 Nc6 7. Be2 d5 8. exd6 Bxd6 9. 0-0 Nd4 10. Bd3 Qc7 11. g3 0-0 12. Bxh7+ Kxh7 13. Ng5+ Kg6 14. Qg4 f5 15. Qh4 Be7 16. Qh7+ Kxg5 17. Qxg7+ Kh5 18. Qh7+ Kg5 19. d3+ Kf6 20. h4 Nf3+ 21. Kg2 Qc6 22. Kh3 f4 23. Ne4+ Ke5 24. Bxf4+ Kd4 25. Kg2 Bxh4 26. Kxf3 e5 27. gxh4 Rxf4+ 28. Kg3 Bf5 29. Qg7 Rg4+ 30. Qxg4 Bxg4 31. Kxg4 Nd7 0-1

[Event "Kstovo Chess Hopes op"]
[Site "Kstovo"]
[Date "2015.06.28"]
[Round "5"]
[White "Vardanyan, Tigran"]
[Black "Sorokin, Nikolay A"]
[Result "1-0"]
[WhiteElo "1812"]
[BlackElo "1724"]
[PlyCount "65"]
[EventDate "2015.06.24"]
[EventType "swiss"]
[EventRounds "9"]
[EventCountry "RUS"]
[SourceTitle "CBM 167 Extra"]
[Source "ChessBase"]
[SourceDate "2015.09.14"]
[SourceVersion "1"]
[SourceVersionDate "2015.09.14"]
[SourceQuality "1"]

1. e4 c5 2. Nc3 a6 3. a4 Nc6 4. g3 e5 5. Bg2 d6 6. d3 Nf6 7. Bg5 Be6 8. Nge2 h6 9. Bxf6 Qxf6 10. 0-0 g5 11. Nd5 Bxd5 12. exd5 Ne7 13. Nc3 Ng6 14. Rb1 Rc8 15. Ne4 Qd8 16. Qe1 f5 17. Nd2 b5 18. axb5 axb5 19. f4 gxf4 20. gxf4 Nh4 21. Bh3 Qf6 22. fxe5 dxe5 23. Kh1 Rc7 24. Ne4 Qd8 25. d6 Rf7 26. Qf2 Rhh7 27. Nxc5 Bxd6 28. Ra1 Be7 29. b4 Rhg7 30. c4 Bxc5 31. Qxc5 Qb8 32. Qc6+ Ke7 33. Ra8 1-0

[Event "Kstovo op"]
[Site "Kstovo"]
[Date "2012.09.16"]
[Round "9"]
[White "Sorokin, Nikolay A"]
[Black "Malyshev, Nikita"]
[Result "0-1"]
[WhiteElo "1747"]
[BlackElo "1818"]
[PlyCount "28"]
[EventDate "2012.09.08"]
[EventType "swiss"]
[EventRounds "9"]
[EventCountry "RUS"]
[SourceTitle "EXT 2013"]
[Source "ChessBase"]
[SourceDate "2012.11.22"]
[SourceVersion "1"]
[SourceVersionDate "2012.11.22"]
[SourceQuality "1"]

1. e4 e6 2. d4 d5 3. Nd2 Nf6 4. e5 Nfd7 5. Bd3 c5 6. c3 Nc6 7. Ne2 cxd4 8. cxd4 f6 9. f4 fxe5 10. fxe5 Qh4+ 11. g3 Qg4 12. Nb3 Bb4+ 13. Bd2 Qf3 14. Rf1 Qxd3 0-1

[Event "Kstovo Chess Hopes op"]
[Site "Kstovo"]
[Date "2012.07.??"]
[Round "2"]
[White "Sorokin, Nikolay A"]
[Black "Konyshev, Artem"]
[Result "1-0"]
[WhiteElo "1731"]
[BlackElo "2370"]
[PlyCount "41"]
[EventDate "2012.07.??"]
[EventType "swiss"]
[EventRounds "9"]
[EventCountry "RUS"]
[SourceTitle "EXT 2014"]
[Source "ChessBase"]
[SourceDate "2013.11.20"]
[SourceVersion "1"]
[SourceVersionDate "2013.11.20"]
[SourceQuality "1"]

1. e4 e5 2. Nf3 Nc6 3. Bc4 Nf6 4. d3 Be7 5. Nc3 0-0 6. 0-0 d6 7. h3 Be6 8. Bb3 d5 9. Bg5 d4 10. Bxf6 Bxf6 11. Nd5 Ne7 12. Nxf6+ gxf6 13. Bxe6 fxe6 14. Nh4 f5 15. Qh5 Qd6 16. Nf3 Ng6 17. Ng5 Qe7 18. g3 Kh8 19. Rae1 Rae8 20. f4 exf4 21. exf5 1-0

[Event "Kstovo op"]
[Site "Kstovo"]
[Date "2011.09.06"]
[Round "4"]
[White "Sorokin, Nikolay A"]
[Black "Kruchinin, Anatoly V"]
[Result "0-1"]
[WhiteElo "1739"]
[BlackElo "1703"]
[PlyCount "41"]
[EventDate "2011.09.03"]
[EventType "swiss"]
[EventRounds "9"]
[EventCountry "RUS"]
[SourceTitle "EXT 2014"]
[Source "ChessBase"]
[SourceDate "2013.11.20"]
[SourceVersion "1"]
[SourceVersionDate "2013.11.20"]
[SourceQuality "1"]

1. e4 c5 2. Nf3 Nc6 3. c3 e5 4. Bc4 Be7 5. 0-0 a6 6. d3 b5 7. Bd5 Bb7 8. Bxc6 dxc6 9. Nxe5 Nf6 10. Be3 0-0 11. Na3 a5 12. Nf3 a4 13. Re1 Nd7 14. d4 c4 15. Nc2 a3 16. b4 cxb3 17. axb3 a2 18. b4 Nf6 19. Bg5 Qc7 20. Bxf6 Bxf6 21. e5 0-1

[Event "Kstovo Chess Hopes op"]
[Site "Kstovo"]
[Date "2011.06.26"]
[Round "9"]
[White "Vlasov, Vladimir1"]
[Black "Sorokin, Nikolay A"]
[Result "0-1"]
[WhiteElo "1598"]
[BlackElo "1740"]
[PlyCount "54"]
[EventDate "2011.06.18"]
[EventType "swiss"]
[EventRounds "9"]
[EventCountry "RUS"]
[SourceTitle "EXT 2012"]
[Source "ChessBase"]
[SourceDate "2011.11.24"]
[SourceVersion "1"]
[SourceVersionDate "2011.11.24"]
[SourceQuality "1"]

1. e4 c5 2. Nf3 a6 3. d4 cxd4 4. Nxd4 Nf6 5. Nc3 e5 6. Nb3 h6 7. Bd3 Bb4 8. 0-0 Bxc3 9. bxc3 0-0 10. Ba3 Re8 11. c4 b6 12. Qe2 Bb7 13. Rfd1 Qc7 14. Rab1 d6 15. f3 Nbd7 16. Bb2 Rac8 17. Qe3 a5 18. Ba3 Re6 19. Nc1 Ne8 20. Ne2 Ba6 21. Nc3 Bxc4 22. Kh1 Qc6 23. Nd5 b5 24. c3 Bxd3 25. Rxd3 Qc4 26. Rbd1 Qxa2 27. Bc1 Qc4 0-1

[Event "Kstovo Chess Hopes op"]
[Site "Kstovo"]
[Date "2011.06.24"]
[Round "8"]
[White "Jevtushenko, VV."]
[Black "Sorokin, Nikolay A"]
[Result "1/2-1/2"]
[WhiteElo "1922"]
[BlackElo "1740"]
[PlyCount "22"]
[EventDate "2011.06.18"]
[EventType "swiss"]
[EventRounds "9"]
[EventCountry "RUS"]
[SourceTitle "EXT 2012"]
[Source "ChessBase"]
[SourceDate "2011.11.24"]
[SourceVersion "1"]
[SourceVersionDate "2011.11.24"]
[SourceQuality "1"]

1. e4 c5 2. Nc3 e5 3. Bc4 Nf6 4. Nf3 d6 5. h3 Be7 6. 0-0 Nc6 7. a3 a6 8. Re1 b5 9. Ba2 Bb7 10. Nd5 Nxd5 11. Bxd5 Na5 1/2-1/2

[Event "Kstovo op"]
[Site "Kstovo"]
[Date "2010.09.05"]
[Round "2"]
[White "Shilnikov, Igor S"]
[Black "Sorokin, Nikolay A"]
[Result "1-0"]
[WhiteElo "1905"]
[BlackElo "1763"]
[PlyCount "55"]
[EventDate "2010.09.04"]
[EventType "swiss"]
[EventRounds "9"]
[EventCountry "RUS"]
[SourceTitle "EXT 2014"]
[Source "ChessBase"]
[SourceDate "2013.11.20"]
[SourceVersion "1"]
[SourceVersionDate "2013.11.20"]
[SourceQuality "1"]

1. d4 d5 2. Nf3 Nf6 3. c4 c6 4. Nc3 e6 5. Bg5 Nbd7 6. e3 Qa5 7. Bxf6 Nxf6 8. Nd2 Bb4 9. Qc2 0-0 10. Bd3 dxc4 11. Nxc4 Qh5 12. 0-0 Ng4 13. h3 Nf6 14. a3 Bxc3 15. Qxc3 Nd5 16. Qc2 f6 17. Rae1 e5 18. f4 exf4 19. e4 Ne7 20. Rxf4 g5 21. Rf3 Ng6 22. Nd6 Kg7 23. e5 Qh4 24. Qc3 Nf4 25. Bf5 b6 26. Bxc8 fxe5 27. Nf5+ Rxf5 28. Bxf5 1-0

[Event "Kstovo Kichigin Memorial op"]
[Site "Kstovo"]
[Date "2010.02.??"]
[Round "5"]
[White "Eliseev, Nikolay"]
[Black "Sorokin, Nikolay A"]
[Result "1-0"]
[WhiteElo "2104"]
[BlackElo "1763"]
[PlyCount "53"]
[EventDate "2010.02.??"]
[EventType "swiss"]
[EventRounds "9"]
[EventCountry "RUS"]
[SourceTitle "EXT 2014"]
[Source "ChessBase"]
[SourceDate "2013.11.20"]
[SourceVersion "1"]
[SourceVersionDate "2013.11.20"]
[SourceQuality "1"]

1. e4 c5 2. Nc3 a6 3. Nf3 e6 4. d4 cxd4 5. Nxd4 Nc6 6. Be3 Nf6 7. f3 Bb4 8. Nxc6 Bxc3+ 9. bxc3 bxc6 10. Qd6 Qe7 11. Bc5 Qxd6 12. Bxd6 Ng8 13. Rb1 Kd8 14. Kd2 Nf6 15. c4 Ne8 16. c5 Nc7 17. Bd3 f6 18. Rb6 Nb5 19. a4 Nxd6 20. cxd6 Ke8 21. Rhb1 Kf7 22. Rb8 Ra7 23. a5 Re8 24. Kc3 g6 25. Kd4 f5 26. e5 g5 27. Kc5 1-0

[Event "Kstovo Kichigin Memorial op"]
[Site "Kstovo"]
[Date "2010.02.??"]
[Round "8"]
[White "Sorokin, Nikolay A"]
[Black "Yevlampiev, Sergey"]
[Result "0-1"]
[WhiteElo "1763"]
[BlackElo "1898"]
[PlyCount "98"]
[EventDate "2010.02.??"]
[EventType "swiss"]
[EventRounds "9"]
[EventCountry "RUS"]
[SourceTitle "EXT 2014"]
[Source "ChessBase"]
[SourceDate "2013.11.20"]
[SourceVersion "1"]
[SourceVersionDate "2013.11.20"]
[SourceQuality "1"]

1. e4 Nf6 2. Nc3 d5 3. e5 d4 4. exf6 dxc3 5. fxg7 cxd2+ 6. Qxd2 Qxd2+ 7. Bxd2 Bxg7 8. c3 Bf5 9. Nf3 Nd7 10. Bc4 e6 11. 0-0 0-0-0 12. Bg5 f6 13. Be3 e5 14. Nh4 Be4 15. f3 Bc6 16. Nf5 Bf8 17. b4 Nb6 18. Bxb6 axb6 19. Rfd1 Bd6 20. a4 h5 21. b5 Bc5+ 22. Kf1 Bd7 23. Ng3 f5 24. a5 c6 25. bxc6 bxc6 26. axb6 Bxb6 27. Rab1 Kc7 28. Re1 h4 29. Nh1 e4 30. fxe4 fxe4 31. Rxe4 Rhf8+ 32. Ke2 Rde8 33. Rxe8 Rxe8+ 34. Kd2 Bf5 35. Re1 Rd8+ 36. Kc1 Ra8 37. Kb2 Kd6 38. Rf1 Be4 39. g3 Bg2 40. Rd1+ Kc5 41. Bb3 Re8 42. gxh4 Re2+ 43. Ka3 Kb5 44. c4+ Ka5 45. Ba2 Be4 46. Ng3 Bc5+ 47. Kb3 Bc2+ 48. Kc3 Bxd1 49. Nxe2 Bxe2 0-1

[Event "Kstovo op"]
[Site "Kstovo"]
[Date "2008.09.10"]
[Round "5"]
[White "Sorokin, Nikolay A"]
[Black "Krylov, Dima"]
[Result "0-1"]
[WhiteElo "1754"]
[BlackElo "1807"]
[PlyCount "50"]
[EventDate "2008.09.06"]
[EventType "swiss"]
[EventRounds "9"]
[EventCountry "RUS"]
[SourceTitle "CBM 126 Extra"]
[Source "ChessBase"]
[SourceDate "2008.11.05"]
[SourceVersion "1"]
[SourceVersionDate "2008.11.05"]
[SourceQuality "1"]

1. e4 e5 2. Nf3 Nc6 3. Bb5 a6 4. Ba4 Nf6 5. 0-0 b5 6. Bb3 Be7 7. Re1 0-0 8. Nc3 d6 9. h3 Bb7 10. a3 Re8 11. d4 exd4 12. Nxd4 Nxd4 13. Qxd4 Qd7 14. Be3 Rad8 15. Rad1 c6 16. f3 d5 17. exd5 Nxd5 18. Nxd5 cxd5 19. Bf4 Bf6 20. Qf2 Rxe1+ 21. Rxe1 Bxb2 22. Qc5 h6 23. Re5 f6 24. Re3 Bc1 25. Rd3 Bxf4 0-1

[Event "Kstovo op"]
[Site "Kstovo"]
[Date "2008.09.09"]
[Round "4"]
[White "Sorokin, Nikolay A"]
[Black "Gavrilov, Vladimir"]
[Result "0-1"]
[WhiteElo "1754"]
[BlackElo "1787"]
[PlyCount "54"]
[EventDate "2008.09.06"]
[EventType "swiss"]
[EventRounds "9"]
[EventCountry "RUS"]
[SourceTitle "CBM 126 Extra"]
[Source "ChessBase"]
[SourceDate "2008.11.05"]
[SourceVersion "1"]
[SourceVersionDate "2008.11.05"]
[SourceQuality "1"]

1. e4 c5 2. Nf3 e6 3. d4 cxd4 4. Nxd4 a6 5. Nc3 Qc7 6. Be2 Nc6 7. Nf3 b5 8. 0-0 Nf6 9. Bg5 Be7 10. Bd3 Bb7 11. a3 0-0 12. Re1 d6 13. Ne2 h6 14. Bh4 Rfd8 15. c3 Ng4 16. Bxe7 Qxe7 17. h3 Nge5 18. Nxe5 Nxe5 19. Qc2 Nxd3 20. Qxd3 Qg5 21. Ng3 d5 22. exd5 Rxd5 23. Qf3 Rad8 24. Kh2 h5 25. Re4 h4 26. Ne2 Re5 27. Rxe5 Qxe5+ 0-1